000 01184cam a22002771 4500
001 pa 67000007
003 DLC
005 20260227111857.0
008 801106m19661999dcu 000 0 spa c
010 _apa 67000007
035 _a(OCoLC)6905372
040 _aPan American Union Library
_cNNR
_dNNR
_dDLC
042 _apremarc
050 0 0 _aHC125
_b.P29
082 _a309.18
110 2 _aPan American Union.
_bDepartment of Economic Affairs.
245 1 3 _aLa administración pública como instrumento del desarrollo.
260 _aWashington,
_bDepartamento de Asuntos Económicos de la Unión Panamericana,
_c1966-
300 _av.
_c28 cm.
500 _aOn cover: Administración para el desarrollo.
505 0 _a[1] Bolivia, por O. Gandarillas V.--[2] Chile, por H. Zunino Zunino.--[3] Colombia, por C. Ramírez Cardona.--[4] Nicaragua, por A. Borge de la Rocha.--[5] Panama, por D. Amado.--[6] Peru, por L. Quiñe Arista y A. Acuña Carpio.--[7] Uruguay, por L. M. Moris.
651 0 _aLatin America
_xEconomic policy.
651 0 _aLatin America
_xPolitics and government.
651 0 _aLatin America
_xSocial policy.
740 0 _aAdministración para el desarrollo.
999 _c51601
_d51601